000 00509nam a2200181Ia 4500
005 20250326125642.0
008 250326s9999 xx 000 0 und d
037 _aTextbook
040 _aFMSL
_beng
_cFMSL
041 _aeng
_2eng
084 _aX:8M K33
_qFMSL
100 _aPepperell E M
_9739427
245 0 _aUsing secretarial services
_cPepperell E M
260 _aLondon
_bLondon, Industrial Welfare Society
_c1963
300 _a30p
942 _cTB
_hX:8M K33
999 _c1278957
_d1278957